10 drapeaux aleatoire - Statistiques

Statistiques générales
  • Ce quiz a été pris 94 fois
  • Le résultat moyen est 10 sur 16
Statistiques - réponses
Par images Réponse % Correct
macedoine
86%
congo
81%
cameroun
80%
senegal
80%
honduras
77%
bosnie
76%
fidji
70%
tanzanie
69%
barbade
68%
beliz
62%
kiribati
58%
dominique
51%
tadjikistan
51%
antigua
50%
marshall
32%
kirghizstan
4%
Aucun quiz correspondant
Distribution des résultats
% des personnes avec chaque résultat
Percentile par nombre de réponses
Votre historique - résultats
Vous n’avez pas pris ce quiz